| 000 | 01183nac a22002651i 4500 | ||
|---|---|---|---|
| 003 | EG-ScBUE | ||
| 005 | 20231126100212.0 | ||
| 008 | 100822s19uu ua f b 000 00dara d | ||
| 040 |
_aEG-ScBUE _bara _erda _cEG-ScBUE _dEG-ScBUE |
||
| 043 | _af-ua--- | ||
| 082 | 0 | 4 |
_a932.02 _bع ب ا _222 |
| 100 | 1 |
_aعبادي، مصطفى، _d1928-2017، _eمؤلف. _917560 |
|
| 245 | 1 | 0 |
_aمصر : _bمن الإسكندر الأكبر إلى الفتح العربي / _cتأليف الدكتور مصطفى العبادي. |
| 264 | 1 |
_aالقاهرة : _bمكتبة الأنجلو المصرية، _c[19--؟] |
|
| 300 |
_a356 صفحة ؛ _c24 سم |
||
| 336 |
_2rdacontent _aنص _btxt |
||
| 337 |
_aبدون وسيط _2rdamedia _bn |
||
| 338 |
_aمجلد _bnc _2rdacarrier |
||
| 504 | _aيشتمل على إرجاعات ببليوجرافية. | ||
| 600 | 0 | 7 |
_2BUEsh _aالإسكندر الأكبر، _d356-323 ق.م. |
| 650 | 7 |
_aمصر القديمة _xتاريخ _yالعصر اليونانى (332-30 ق.م.). _2BUEsh _917563 |
|
| 651 | 7 |
_922158 _aمصر القديمة _xتاريخ _yالعصر الرومانى (30 ق.م.-642 م.). _2BUEsh |
|
| 655 | _vReading book | ||
| 942 |
_cBB _2ddc |
||
| 999 |
_c7254 _d7254 |
||